Deutsche Nobelpreisträger - Statistiken

Allgemein
  • Dieses Quiz wurde 69 mal gespielt
  • Das Durchschnittsergebnis liegt bei 10 aus 103
Antwortstatistiken
Hint Antwort % Korrekt
Physiknobelpreis Albert Einstein 1921
89%
Friedensnobelpreis Willy Brandt 1971
73%
Literaturnobelpreis Thomas Mann 1929
54%
Physiknobelpreis Wilhelm Conrad Röntgen 1901
52%
Literaturnobelpreis Günter Grass 1999
50%
Physiknobelpreis Werner Heisenberg 1932
48%
Physiknobelpreis Max Planck 1918
45%
Literaturnobelpreis Herta Müller 2009
38%
Friedensnobelpreis Gustav Stresemann 1926
34%
Medizinnobelpreis Robert Koch 1905
34%
Chemienobelpreis Otto Hahn 1944
30%
Literaturnobelpreis Heinrich Böll 1972
29%
Literaturnobelpreis Hermann Hesse 1946
29%
Chemienobelpreis Fritz Haber 1918
25%
Chemienobelpreis Carl Bosch 1931
21%
Physiknobelpreis Ferdinand Braun 1909
20%
Friedensnobelpreis Albert Schweitzer 1952
18%
Physiknobelpreis Gustav Hertz 1925
18%
Friedensnobelpreis Carl von Ossietzky 1935
16%
Literaturnobelpreis Gerhart Hauptmann 1912
16%
Friedensnobelpreis Henry Kissinger 1973
14%
Literaturnobelpreis Theodor Mommsen 1902
14%
Chemienobelpreis Emil Fischer 1902
13%
Chemienobelpreis Ernst Otto Fischer 1973
13%
Chemienobelpreis Hans Fischer 1930
13%
Physiknobelpreis Maria Goeppert-Mayer 1963
11%
Physiknobelpreis Max Born 1954
11%
Literaturnobelpreis Nelly Sachs 1966
11%
Physiknobelpreis Wolfgang Paul 1989
11%
Medizinnobelpreis Karl von Frisch 1973
9%
Physiknobelpreis Max von Laue 1914
9%
Chemienobelpreis Eduard Buchner 1907
7%
Medizinnobelpreis Emil von Behring 1901
7%
Medizinnobelpreis Paul Ehrlich 1908
7%
Literaturnobelpreis Paul Heyse 1910
7%
Literaturnobelpreis Rudolf Eucken 1908
7%
Chemienobelpreis Adolf von Baeyer 1905
5%
Physiknobelpreis James Franck 1925
5%
Chemienobelpreis Joachim Frank 2017
5%
Physiknobelpreis Johannes Stark 1919
5%
Friedensnobelpreis Ludwig Quidde 1927
5%
Physiknobelpreis Philipp Lenard 1905
5%
Physiknobelpreis Rudolf Mößbauer 1961
5%
Chemienobelpreis Wilhelm Ostwald 1909
5%
Physiknobelpreis Wilhelm Wien 1911
5%
Physiknobelpreis Ernst Ruska 1986
4%
Physiknobelpreis Gerd Binnig 1986
4%
Chemienobelpreis Karl Ziegler 1963
4%
Medizinnobelpreis Konrad Bloch 1964
4%
Physiknobelpreis Reinhard Genzel 2020
4%
Physiknobelpreis Theodor W. Hänsch 2005
4%
Medizinnobelpreis Thomas Südhof 2013
4%
Physiknobelpreis Walther Bothe 1954
4%
Chemienobelpreis Walther Hermann Nernst 1920
4%
Physiknobelpreis Wolfgang Ketterle 2001
4%
Chemienobelpreis Adolf F. J. Butenandt 1939
2%
Medizinnobelpreis Feodor Lynen 1964
2%
Chemienobelpreis Georg Wittig 1979
2%
Medizinnobelpreis Günter Blobel 1999
2%
Physiknobelpreis Hans Georg Dehmelt 1989
2%
Medizinnobelpreis Harald zur Hausen 2008
2%
Chemienobelpreis Hartmut Michel 1988
2%
Chemienobelpreis Heinrich Otto Wieland 1927
2%
Physiknobelpreis Herbert Kroemer 2000
2%
Physiknobelpreis Horst L. Störmer 1998
2%
Physiknobelpreis Jack Steinberger 1988
2%
Physiknobelpreis J. Hans D. Jensen 1963
2%
Physiknobelpreis Johannes Georg Bednorz 1987
2%
Physiknobelpreis Klaus Hasselmann 2021
2%
Chemienobelpreis Kurt Alder 1950
2%
Chemienobelpreis Otto P. H. Diels 1950
2%
Physiknobelpreis Peter Grünberg 2007
2%
Chemienobelpreis Richard Willstätter 1915
2%
Chemienobelpreis Adolf Windaus 1928
0%
Medizinnobelpreis Albrecht Kossel 1910
0%
Chemienobelpreis Benjamin List 2021
0%
Medizinnobelpreis Bernard Katz 1970
0%
Medizinnobelpreis Bert Skmann 1991
0%
Medizinnobelpreis Christiane Nüsslein-Volhard 1995
0%
Medizinnobelpreis Ernst Boris Chain 1945
0%
Medizinnobelpreis Erwin Neher 1991
0%
Chemienobelpreis Friedrich Bergius 1931
0%
Medizinnobelpreis Georges J. F. Köhler 1984
0%
Medizinnobelpreis Gerhard Domagk 1939
0%
Chemienobelpreis Gerhard Ertl 2007
0%
Chemienobelpreis Gerhard Herzberg 1971
0%
Medizinnobelpreis Hans Adolf Krebs 1953
0%
Medizinnobelpreis Hans Spemann 1935
0%
Chemienobelpreis Hans von Euler-Chelpin 1929
0%
Chemienobelpreis Hermann Staudinger 1953
0%
Chemienobelpreis Johann Deisenhofer 1988
0%
Physiknobelpreis Klaus von Klitzing 1985
0%
Chemienobelpreis Manfred Eigen 1967
0%
Medizinnobelpreis Max Delbrück 1969
0%
Medizinnobelpreis Otto F. Meyerhof 1922
0%
Medizinnobelpreis Otto Loewi 1936
0%
Chemienobelpreis Otto Wallach 1910
0%
Medizinnobelpreis Otto Warburg 1931
0%
Chemienobelpreis Richard Adolf Zsigmondy 1925
0%
Chemienobelpreis Richard Kuhn 1938
0%
Chemienobelpreis Robert Huber 1988
0%
Chemienobelpreis Stefan Hell 2014
0%
Medizinnobelpreis Werner Forßmann 1956
0%
Keine übereinstimmenden Quizze gefunden
Verteilung der Resultate
Anzahl Personen mit jedem Resultat
Perzentil nach korrekt beantworteten Fragen
Ihre Resultats-Entwicklung
Sie haben dieses Quiz noch nicht gespielt